| 000 | 00759nam a2200205 i 4500 | ||
|---|---|---|---|
| 001 | 50660 | ||
| 003 | ES-MaACL | ||
| 005 | 20250824225405.0 | ||
| 007 | t| | ||
| 008 | 030806s1969 sp ||||1| spa d | ||
| 100 | 1 |
_aCubillo López, Eugenio. _941948 |
|
| 245 | 1 | 0 |
_aElectricidad _b: primer curso de Ingenieros Técnicos Eléctricos / _cpor Eugenio Cubillo López... y Margarita Cubillo Font. |
| 260 |
_aMadrid : _bDossat, _c[1969] |
||
| 300 |
_a872, 60 p. : _bgrab. ; _c25 cm. |
||
| 490 | 1 |
_aLibros Profesionales Industriales. Escuela de Electricistas ; _v1 |
|
| 700 | 1 |
_aCubillo Font, Margarita. _941947 |
|
| 830 | 0 | 0 |
_aLibros profesionales industriales (Dossat) _v1 _9230140 |
| 852 |
_aES-MaACL _jP-1567 _bR.71146 |
||
| 999 |
_c50660 _d50660 |
||